Normal view MARC view
  • Sharma.N.K.etal

Entry Personal Name

Number of records used in: 2

001 - CONTROL NUMBER

  • control field: 2388

003 - CONTROL NUMBER IDENTIFIER

  • control field: OSt

005 - DATE AND TIME OF LATEST TRANSACTION

  • control field: 20170113143446.0

008 - FIXED-LENGTH DATA ELEMENTS

  • fixed length control field: 170113|| aca||aabn | a|a d

040 ## - CATALOGING SOURCE

  • Original cataloging agency: OSt

100 ## - HEADING--PERSONAL NAME

  • Personal name: Sharma.N.K.etal

Powered by Koha